| 000 | 01823nam a2200289 i 4500 | ||
|---|---|---|---|
| 003 | CSPC | ||
| 005 | 20260116135548.0 | ||
| 008 | 260116s2024 ii a b 001 0 eng d | ||
| 020 | _a9789395791519 | ||
| 040 |
_aCSPC _beng _cCSPC _erda |
||
| 082 | 0 | 4 |
_a338.04 _bSh233e |
| 100 | 1 |
_aSharma, Yogita, _eauthor. |
|
| 245 | 0 | 0 |
_aEntrepreneurial development / _cYogita Sharma and Priya Goel. |
| 264 | 1 |
_aNew Delhi, India : _bAcademic University Press, _c2024. |
|
| 300 |
_ax, 401 pages : _billustrations ; _c24 cm. |
||
| 336 |
_2rdacontent _atext |
||
| 337 |
_2rdamedia _aunmediated |
||
| 338 |
_2rdacarrier _avolume |
||
| 504 | _aIncludes bibliographical references and index. | ||
| 505 | 0 | _aChapter 1: introduction -- Chapter 2: entrepreneurship development and small business management -- Chapter 3: theories of entrepreneurship -- Chapter 4: entrepreneur and entrepreneurship -- Chapter 5: entrepreneurship development and government -- Chapter 6: business planning process -- Chapter 7: programmes of entrepreneur development -- Chapter 8: development of public enterprises -- Chapter 9: entrepreneurial marketing management -- Chapter 10: entrepreneurial growth and entrepreneurial process -- Chapter 11: entrepreneurship power and business strategy -- Chapter 12: role of creativity and innovation in entrepreneurship -- Chapter 13: social entrepreneurship -- Chapter 14: relevance of technology in entrepreneurship -- Chapter 15: role of finances in entrepreneurship. | |
| 650 | 4 | _aEntrepreneurship. | |
| 650 | 4 | _aEntrepreneurial development. | |
| 650 | 4 | _aBusiness management/ Small business. | |
| 700 | 1 |
_aGoel, Priya, _eauthor. |
|
| 942 |
_2ddc _n0 _cBK _h338.04 _iSh233e _kCIR _m2024 |
||
| 999 |
_c31523 _d31523 |
||